[Event "Canada Day op"]
[Site "Toronto CAN"]
[Date "2002.06.29"]
[Round "2"]
[White "Miller, Evgeni"]
[Black "Veltmann, Martin"]
[Result "1/2-1/2"]
[WhiteElo "2211"]
[BlackElo "2142"]
[PlyCount "87"]
[EventDate "2002.06.29"]
[EventType "swiss"]
[EventRounds "6"]
[EventCountry "CAN"]

1. e4 c5 2. c3 e6 3. d4 d5 4. e5 Nc6 5. Nf3 Qb6 6. a3 c4 7. g3 Bd7 8. Nbd2 f6
9. Qe2 O-O-O 10. Bh3 f5 11. Bg2 Be7 12. h4 Nh6 13. Nf1 Nf7 14. Ng5 Nxg5 15.
hxg5 Na5 16. Bf4 Bc6 17. Bf3 Rdf8 18. Ne3 Qd8 19. Ng2 Bxg5 20. Bxg5 Qxg5 21.
Nf4 Qe7 22. Qe3 Nb3 23. Rb1 Be8 24. Qe2 Na5 25. Qc2 g5 26. Nh5 Bxh5 27. Rxh5
Nb3 28. g4 fxg4 29. Bxg4 Rf4 30. f3 Qf7 31. Qg2 Qg6 32. Rd1 h6 33. Kf1 Kd7 34.
Kg1 Na5 35. Kh2 Nc6 36. Kg3 Ne7 37. Qh3 Ng8 38. Rg1 Rh7 39. Qf1 Ne7 40. Qh3 Ng8
41. Qf1 Rhf7 42. Qd1 Ne7 43. Qa4+ Nc6 44. Qd1 1/2-1/2

[Event "Canada Day op"]
[Site "Toronto CAN"]
[Date "2002.07.01"]
[Round "6"]
[White "Divljan, Igor"]
[Black "Veltmann, Martin"]
[Result "1-0"]
[WhiteElo "2252"]
[BlackElo "2142"]
[PlyCount "50"]
[EventDate "2002.06.29"]
[EventType "swiss"]
[EventRounds "6"]
[EventCountry "CAN"]

1. d4 Nf6 2. c4 g6 3. Nc3 Bg7 4. e4 O-O 5. Nf3 d6 6. h3 c5 7. d5 e6 8. Bd3 exd5
9. exd5 Re8+ 10. Be3 Na6 11. O-O Nc7 12. a4 b6 13. Qd2 a6 14. Rfb1 Nd7 15. b4
Ne5 16. Nxe5 Rxe5 17. bxc5 bxc5 18. a5 Bf5 19. Rb6 Bxd3 20. Qxd3 Qf6 21. Rab1
Rae8 22. R1b3 Qh4 23. Rb8 Rxe3 24. Qxe3 Bd4 25. Rxe8+ Kg7 1-0

[Event "Canada Day op U1600"]
[Site "Toronto CAN"]
[Date "2002.06.29"]
[Round "2"]
[White "Tolton, Martin"]
[Black "Lu, David"]
[Result "0-1"]
[WhiteElo "1334"]
[BlackElo "1043"]
[PlyCount "88"]
[EventDate "2002.06.29"]
[EventType "swiss"]
[EventRounds "6"]
[EventCountry "CAN"]

1. e4 e5 2. Nf3 Nc6 3. Bb5 a6 4. Ba4 Nf6 5. O-O Be7 6. Re1 b5 7. Bb3 d5 8. exd5
Nxd5 9. Nc3 Nxc3 10. bxc3 O-O 11. Nxe5 Nxe5 12. Rxe5 Bd6 13. Rd5 Bb7 14. Rd3
Qg5 15. f3 Qh4 16. g3 Qh3 17. Qf1 Bc5+ 18. Rd4 Bxd4+ 19. cxd4 Qxf1+ 20. Kxf1
Bxf3 21. d3 Rfe8 22. Kf2 Bg4 23. Bf4 Re2+ 24. Kg1 c6 25. c3 Bf3 26. h3 Rg2+ 27.
Kf1 Rh2 28. Re1 Bg2+ 29. Kf2 Bd5+ 30. Kg1 Rh1+ 31. Kf2 Rxe1 32. Kxe1 Bxb3 33.
axb3 a5 34. Kd1 a4 35. bxa4 bxa4 36. Kc1 g5 37. Bd6 Ra7 38. Kb2 Rb7+ 39. Bb4 f5
40. Ka3 f4 41. gxf4 gxf4 42. Bd6 f3 43. Bg3 Rb3+ 44. Kxa4 Rxc3 0-1

[Event "Canada Day op U2000"]
[Site "Toronto CAN"]
[Date "2002.06.30"]
[Round "3"]
[White "Haziprodromu, Sam"]
[Black "Wan, Michael"]
[Result "1-0"]
[WhiteElo "1840"]
[BlackElo "1687"]
[PlyCount "45"]
[EventDate "2002.06.29"]
[EventType "swiss"]
[EventRounds "6"]
[EventCountry "CAN"]

1. e4 c5 2. d4 cxd4 3. c3 dxc3 4. Nxc3 d6 5. Bc4 Nf6 6. Nf3 a6 7. O-O e6 8. Qe2
Be7 9. Rd1 Qc7 10. h3 O-O 11. Bf4 Nc6 12. Rac1 b5 13. Bb3 Bb7 14. Nd5 exd5 15.
exd5 Rac8 16. dxc6 Ba8 17. Nd4 Rfd8 18. Bxf7+ Kxf7 19. Ne6 Qb6 20. Ng5+ Kg6 21.
Qxe7 Bxc6 22. Qf7+ Kf5 23. Be3 1-0

[Event "Capablanca"]
[Site "Charlesbourg CAN"]
[Date "2002.06.10"]
[Round "1"]
[White "Genest, Dominic"]
[Black "Nadeau, Sebastien"]
[Result "0-1"]
[WhiteElo "1315"]
[BlackElo "1756"]
[PlyCount "114"]
[EventDate "2002.06.10"]
[EventType "swiss"]
[EventRounds "5"]
[EventCountry "CAN"]

1. e4 c5 2. Nf3 d6 3. d4 cxd4 4. Nxd4 Nf6 5. Nc3 a6 6. Be3 e6 7. Be2 Be7 8. Qd2
Qc7 9. f3 Nc6 10. O-O-O Bd7 11. g4 h6 12. h4 O-O-O 13. g5 hxg5 14. hxg5 Nh5 15.
Nxc6 Bxc6 16. Bf2 d5 17. exd5 Bxd5 18. Qe3 Nf4 19. Rxh8 Rxh8 20. g6 Bg5 21. Kb1
Nxe2 22. Qxg5 Nxc3+ 23. bxc3 f6 24. Qe3 Rd8 25. Kb2 Rd6 26. Qc5 Qxc5 27. Bxc5
Rd7 28. c4 Bxf3 29. Rxd7 Kxd7 30. Bf8 Bh5 31. Bxg7 Ke7 32. Kc3 Bxg6 33. Kd2 e5
34. c3 Ke6 35. Ke3 f5 36. a3 f4+ 37. Kf2 Kf5 38. Bf8 e4 39. Bc5 Bf7 40. Bd4
Bxc4 41. Bc5 Bf7 42. Bd4 Bh5 43. Bc5 e3+ 44. Bxe3 fxe3+ 45. Kxe3 Ke5 46. Kd3
Kd5 47. Kc2 Kc4 48. Kb2 Bg6 49. a4 a5 50. Ka2 Kxc3 51. Ka3 Be8 52. Ka2 Bxa4 53.
Ka3 b5 54. Ka2 b4 55. Kb1 b3 56. Ka1 b2+ 57. Ka2 Kc2 0-1

[Event "Capablanca"]
[Site "Charlesbourg CAN"]
[Date "2002.06.17"]
[Round "2"]
[White "Gaudreau, Eric"]
[Black "Genest, Dominic"]
[Result "1/2-1/2"]
[WhiteElo "1648"]
[BlackElo "1315"]
[PlyCount "85"]
[EventDate "2002.06.10"]
[EventType "swiss"]
[EventRounds "5"]
[EventCountry "CAN"]

1. e4 e5 2. Nf3 Nc6 3. Bb5 a6 4. Ba4 Nf6 5. O-O Be7 6. Re1 b5 7. Bb3 d6 8. c3
O-O 9. h3 Na5 10. Bc2 c5 11. d4 cxd4 12. cxd4 Qc7 13. Nbd2 Re8 14. Nf1 Bf8 15.
Ng3 g6 16. Bg5 Bg7 17. d5 Nb7 18. a4 Bd7 19. axb5 Bxb5 20. Bd3 Bxd3 21. Qxd3
Nc5 22. Qe3 Rab8 23. Bh6 Rb3 24. Qg5 Bh8 25. Rec1 Qb6 26. Nd2 Rxb2 27. Nc4
Ncxe4 28. Nxe4 Nxe4 29. Qh4 Qd4 30. Nxb2 Bf6 31. Be3 Qxe3 32. Qxh7+ Kxh7 33.
fxe3 Nc5 34. Nc4 Nb3 35. Nxd6 Rd8 36. Ne4 Bg7 37. Rcb1 Nxa1 38. Rxa1 f5 39.
Ng5+ Kg8 40. Ne6 Rxd5 41. Nxg7 Kxg7 42. Rxa6 e4 43. Rc6 1/2-1/2

[Event "Capablanca"]
[Site "Charlesbourg CAN"]
[Date "2002.07.08"]
[Round "5"]
[White "Dorion, Francois"]
[Black "Genest, Dominic"]
[Result "1-0"]
[WhiteElo "1786"]
[BlackElo "1315"]
[PlyCount "41"]
[EventDate "2002.06.10"]
[EventType "swiss"]
[EventRounds "5"]
[EventCountry "CAN"]

1. c4 c5 2. Nc3 Nc6 3. Nf3 g6 4. e4 Bg7 5. Be2 Nf6 6. O-O O-O 7. h3 e5 8. d3 d6
9. Be3 Ne8 10. Nd5 f5 11. Bg5 Nf6 12. Qd2 Nd4 13. b4 Nxf3+ 14. Bxf3 f4 15. bxc5
Nxe4 16. dxe4 Qxg5 17. cxd6 Rd8 18. Ne7+ Kf7 19. Nxc8 Raxc8 20. Qd5+ Ke8 21. c5
1-0

[Event "Capablanca Classic"]
[Site "Edmonton CAN"]
[Date "2002.05.09"]
[Round "2"]
[White "Hughey, Micah"]
[Black "Stark, Mark"]
[Result "1-0"]
[WhiteElo "2103"]
[BlackElo "1809"]
[PlyCount "67"]
[EventDate "2002.05.02"]
[EventType "swiss"]
[EventRounds "5"]
[EventCountry "CAN"]

1. e4 c5 2. Nf3 e6 3. c3 Nf6 4. Bd3 d5 5. e5 Nfd7 6. Bc2 Nc6 7. d4 Be7 8. h4 b6
9. Rh3 Qc7 10. Rg3 g6 11. Bh6 Bf8 12. Bxf8 Nxf8 13. Kf1 Ba6+ 14. Kg1 Ne7 15.
Bxg6 hxg6 16. Qa4+ Nd7 17. Qxa6 Nf5 18. Rg4 cxd4 19. cxd4 Qc1+ 20. Qf1 Qxb2 21.
Nbd2 Rc8 22. Nb3 Rc2 23. Qa6 Rc7 24. Rf4 Nb8 25. Qb5+ Kf8 26. g3 Kg7 27. Ng5
Rhc8 28. Qb4 Rc1+ 29. Rxc1 Rxc1+ 30. Kg2 Rc4 31. Qb5 Rc8 32. g4 Nh6 33. Qb4 Qc3
34. Qe7 1-0

[Event "Capablanca Classic"]
[Site "Edmonton CAN"]
[Date "2002.05.16"]
[Round "3"]
[White "Davies, Bob"]
[Black "Tassone, Adam"]
[Result "0-1"]
[WhiteElo "1710"]
[BlackElo "1764"]
[PlyCount "24"]
[EventDate "2002.05.02"]
[EventType "swiss"]
[EventRounds "5"]
[EventCountry "CAN"]

1. g3 e5 2. Bg2 d5 3. Nf3 e4 4. Nd4 c5 5. Nb3 c4 6. Nd4 Bc5 7. c3 Nc6 8. Qa4
Bxd4 9. cxd4 Bd7 10. Qa3 Nxd4 11. Qc3 Qf6 12. O-O Nxe2+ 0-1

[Event "Capablanca Classic"]
[Site "Edmonton CAN"]
[Date "2002.05.16"]
[Round "3"]
[White "Hughey, Micah"]
[Black "Gardner, Robert"]
[Result "1-0"]
[WhiteElo "2103"]
[BlackElo "2261"]
[PlyCount "31"]
[EventDate "2002.05.02"]
[EventType "swiss"]
[EventRounds "5"]
[EventCountry "CAN"]

1. e4 d5 2. exd5 Nf6 3. c4 c6 4. d4 cxd5 5. Nc3 Nc6 6. Nf3 Bg4 7. cxd5 Nxd5 8.
Qb3 Bxf3 9. gxf3 Nb6 10. Be3 e6 11. O-O-O Qc7 12. Kb1 O-O-O 13. Nb5 Qb8 14. d5
Nxd5 15. Bh3 Nxe3 16. Bxe6+ 1-0

[Event "Capablanca Classic"]
[Site "Edmonton CAN"]
[Date "2002.05.23"]
[Round "4"]
[White "Pua, Richard"]
[Black "Hamblin, Jim"]
[Result "0-1"]
[WhiteElo "1679"]
[BlackElo "1700"]
[PlyCount "100"]
[EventDate "2002.05.02"]
[EventType "swiss"]
[EventRounds "5"]
[EventCountry "CAN"]

1. d4 d5 2. c4 dxc4 3. Nf3 Nf6 4. Nc3 e6 5. e3 a6 6. Bxc4 b5 7. Bd3 c5 8. O-O
Nc6 9. Ne2 cxd4 10. exd4 Be7 11. Be3 O-O 12. Rc1 Bb7 13. Ng3 Nb4 14. Bb1 Nbd5
15. Qe2 Nxe3 16. fxe3 Rc8 17. e4 Qb6 18. Kh1 Rc7 19. Qd3 g6 20. Rxc7 Qxc7 21.
Qd2 Rc8 22. e5 Nd5 23. h4 f5 24. Ng5 Qc6 25. N3e4 fxe4 26. Bxe4 Bxg5 27. Qxg5
Rf8 28. Rf6 Rxf6 29. exf6 Qe8 30. h5 Qf7 31. hxg6 hxg6 32. Bxg6 Qxf6 33. Qg3
Qf1+ 34. Kh2 Qf4 35. Be4+ Qxg3+ 36. Kxg3 Kg7 37. Kh4 a5 38. Kg5 b4 39. g3 Ba6
40. Bxd5 exd5 41. Kf5 a4 42. a3 bxa3 43. bxa3 Bd3+ 44. Ke5 Be4 45. Kd6 Kg6 46.
g4 Kg5 47. Kc5 Kxg4 48. Kb4 Bc2 49. Kc3 Bb3 50. Kb4 Kf4 0-1

[Event "Capablanca Classic"]
[Site "Edmonton CAN"]
[Date "2002.05.23"]
[Round "4"]
[White "Tassone, Adam"]
[Black "Hughey, Micah"]
[Result "1/2-1/2"]
[WhiteElo "1764"]
[BlackElo "2103"]
[PlyCount "24"]
[EventDate "2002.05.02"]
[EventType "swiss"]
[EventRounds "5"]
[EventCountry "CAN"]

1. e4 e5 2. Nf3 Nc6 3. d4 exd4 4. Nxd4 Bc5 5. Nxc6 Qf6 6. Qd2 dxc6 7. Nc3 Ne7
8. Bd3 O-O 9. O-O Bd4 10. Qg5 Re8 11. Qxf6 Bxf6 12. Bf4 Bxc3 1/2-1/2

[Event "Capablanca Classic"]
[Site "Edmonton CAN"]
[Date "2002.05.30"]
[Round "5"]
[White "Hughey, Micah"]
[Black "Brown, Grant"]
[Result "1-0"]
[WhiteElo "2103"]
[BlackElo "2091"]
[PlyCount "45"]
[EventDate "2002.05.02"]
[EventType "swiss"]
[EventRounds "5"]
[EventCountry "CAN"]

1. d4 Nf6 2. Nf3 e6 3. Nbd2 c5 4. c3 d5 5. e3 Nbd7 6. Bd3 b6 7. O-O Bb7 8. Ne5
Bd6 9. f4 Qe7 10. Qf3 O-O-O 11. a4 a6 12. b3 Nb8 13. Ba3 Nfd7 14. Qe2 f6 15.
Nxd7 Rxd7 16. c4 cxd4 17. Bxd6 Qxd6 18. cxd5 dxe3 19. Nc4 Qc5 20. dxe6 Rd4 21.
Nxe3 Qd6 22. Rac1+ Kd8 23. Nf5 1-0

[Event "Carnaval"]
[Site "Quebec CAN"]
[Date "2002.02.08"]
[Round "1"]
[White "Bannon, Eric"]
[Black "Trinh, Tri Bao"]
[Result "1-0"]
[WhiteElo "2221"]
[BlackElo "2018"]
[PlyCount "69"]
[EventDate "2002.02.08"]
[EventType "swiss"]
[EventRounds "5"]
[EventCountry "CAN"]

1. e4 e6 2. d4 d5 3. e5 c5 4. c3 Nc6 5. Nf3 Qb6 6. a3 c4 7. Nbd2 Bd7 8. g3 Nh6
9. Bh3 O-O-O 10. O-O Na5 11. Re1 g6 12. Rb1 Nf5 13. Ng5 Be8 14. f4 h6 15. Ngf3
Nb3 16. Nxb3 Ba4 17. Nfd2 Kb8 18. Kf2 Be7 19. Bg2 h5 20. Bf3 Nh6 21. h3 Nf5 22.
Qe2 Bxb3 23. Nf1 Qc6 24. Be3 Qa4 25. Qd2 Kc7 26. Rec1 Rb8 27. Be2 Nh6 28. Bf3
Kd7 29. Be2 Qc6 30. g4 hxg4 31. hxg4 Nf5 32. gxf5 Bh4+ 33. Kf3 gxf5 34. Bf2
Rbg8 35. Ng3 1-0

[Event "Carnaval"]
[Site "Quebec CAN"]
[Date "2002.02.08"]
[Round "1"]
[White "Caire, Francois"]
[Black "Singher, Jean-Pierre"]
[Result "1-0"]
[WhiteElo "2120"]
[BlackElo "1979"]
[PlyCount "127"]
[EventDate "2002.02.08"]
[EventType "swiss"]
[EventRounds "5"]
[EventCountry "CAN"]

1. d4 Nf6 2. c4 e6 3. Nf3 d5 4. Nc3 c6 5. e3 Bd6 6. Bd3 Nbd7 7. O-O O-O 8. e4
dxc4 9. Bxc4 e5 10. Be3 b5 11. Bd3 a6 12. Qc2 Bb7 13. dxe5 Nxe5 14. Nxe5 Bxe5
15. Rad1 Ng4 16. g3 Nxe3 17. fxe3 Qb6 18. Qe2 Rad8 19. Rd2 Bc8 20. Rfd1 Be6 21.
Bb1 a5 22. a3 g6 23. Kg2 h5 24. Rxd8 Rxd8 25. Rxd8+ Qxd8 26. Qd3 Qxd3 27. Bxd3
Bxc3 28. bxc3 Kf8 29. Kf3 Ke7 30. e5 Bd5+ 31. e4 Bb3 32. Ke3 Ke6 33. Kd4 Bd1
34. Kc5 Ba4 35. Kd4 Bd1 36. h4 Bb3 37. Bf1 Kd7 38. Kc5 Kc7 39. Bh3 Be6 40. Bf1
Bb3 41. c4 b4 42. axb4 a4 43. Kd4 c5+ 44. Kc3 Kb6 45. b5 Bd1 46. Kb2 Ka5 47.
Bd3 Bf3 48. Ka3 Bd1 49. e6 fxe6 50. e5 Bg4 51. Bxg6 Be2 52. b6 Kxb6 53. Kxa4
Bxc4 54. Bxh5 Bd3 55. Bg4 Bb5+ 56. Kb3 Bd7 57. h5 Be8 58. h6 Bg6 59. Kc4 Kc6
60. Bxe6 Bb1 61. g4 Bh7 62. Bf5 Bg8+ 63. e6 Kd6 64. h7 1-0

[Event "Carnaval"]
[Site "Quebec CAN"]
[Date "2002.02.08"]
[Round "1"]
[White "Fortier, Marc-Andre"]
[Black "Corriveau, Philippe"]
[Result "0-1"]
[WhiteElo "2163"]
[BlackElo "1886"]
[PlyCount "38"]
[EventDate "2002.02.08"]
[EventType "swiss"]
[EventRounds "5"]
[EventCountry "CAN"]

1. e4 e5 2. Nf3 Nc6 3. Bb5 a6 4. Ba4 Nf6 5. O-O Be7 6. Re1 b5 7. Bb3 O-O 8. h3
d5 9. exd5 Nxd5 10. Nxe5 Nxe5 11. Rxe5 Nf6 12. d3 Bd6 13. Re1 Ng4 14. Qf3 Qh4
15. Bf4 Nxf2 16. Bxd6 Nxh3+ 17. Kf1 cxd6 18. Qxf7+ Rxf7+ 19. Bxf7+ Kxf7 0-1

[Event "Carnaval"]
[Site "Quebec CAN"]
[Date "2002.02.08"]
[Round "1"]
[White "Gaspariants, Vladimir"]
[Black "Drolet, Stephane"]
[Result "1-0"]
[WhiteElo "2211"]
[BlackElo "2037"]
[PlyCount "59"]
[EventDate "2002.02.08"]
[EventType "swiss"]
[EventRounds "5"]
[EventCountry "CAN"]

1. e4 Nc6 2. Nf3 d6 3. d4 Bg4 4. Bb5 a6 5. Bxc6+ bxc6 6. h3 Bh5 7. c4 Nf6 8.
Nc3 Bg6 9. e5 Ne4 10. Nxe4 Bxe4 11. e6 fxe6 12. Ng5 Bg6 13. Nxe6 Qd7 14. d5 Bf7
15. Ng5 Bg6 16. O-O Rb8 17. b3 cxd5 18. cxd5 Qf5 19. Ne6 Kd7 20. Qd4 Rb5 21.
Rd1 Bf7 22. a4 Rb6 23. Re1 Qf6 24. Qc4 Bxe6 25. dxe6+ Kc8 26. Bd2 Qb2 27. Rac1
c5 28. Ba5 Rc6 29. Qd5 Kb7 30. Rxc5 1-0

[Event "Carnaval"]
[Site "Quebec CAN"]
[Date "2002.02.08"]
[Round "1"]
[White "Masse, Hugues"]
[Black "Pescarus, Dana"]
[Result "1-0"]
[WhiteElo "2124"]
[BlackElo "1681"]
[PlyCount "79"]
[EventDate "2002.02.08"]
[EventType "swiss"]
[EventRounds "5"]
[EventCountry "CAN"]

1. e4 d6 2. d4 c6 3. c4 Nd7 4. Nc3 e6 5. Be3 Ne7 6. Bd3 c5 7. Nge2 Nc6 8. d5
Nce5 9. f4 Ng4 10. Bg1 Qh4+ 11. Ng3 Ndf6 12. Qf3 e5 13. f5 Nh5 14. Nce2 Be7 15.
h3 Nxg3 16. Nxg3 Nh6 17. Bf2 Qf4 18. Qxf4 exf4 19. Nh5 g6 20. fxg6 fxg6 21.
Nxf4 O-O 22. Ne2 Bg5 23. e5 Nf7 24. exd6 Nxd6 25. Bxc5 Be7 26. Rf1 Bd7 27.
Rxf8+ Rxf8 28. Bxa7 Ba4 29. b3 Bd7 30. Bd4 Bh4+ 31. Kd2 Nf5 32. Bxf5 gxf5 33.
g3 Be7 34. Nf4 Bd6 35. Re1 Bb4+ 36. Bc3 Bc5 37. b4 Bf2 38. Re2 Ba7 39. Kd3 Be8
40. Re7 1-0

[Event "Carnaval"]
[Site "Quebec CAN"]
[Date "2002.02.08"]
[Round "1"]
[White "Papineau (Granby), Daniel"]
[Black "Bolduc, Steve"]
[Result "1/2-1/2"]
[WhiteElo "1904"]
[BlackElo "2154"]
[PlyCount "113"]
[EventDate "2002.02.08"]
[EventType "swiss"]
[EventRounds "5"]
[EventCountry "CAN"]

1. d4 Nf6 2. c4 e6 3. Nc3 d5 4. cxd5 exd5 5. Bg5 c6 6. e3 Bf5 7. Bd3 Bxd3 8.
Qxd3 Be7 9. Nge2 O-O 10. O-O Nbd7 11. f3 h6 12. Bh4 Nh7 13. Bxe7 Qxe7 14. e4
Nb6 15. e5 f5 16. Nf4 Qe8 17. Qe2 g5 18. Nd3 Rf7 19. Rfe1 Nf8 20. e6 Re7 21.
Nc5 Qg6 22. Qc2 Rae8 23. g4 Qf6 24. gxf5 Qxd4+ 25. Qf2 Qf6 26. Qc2 Nc8 27. Ne2
Nd6 28. Ng3 Qd4+ 29. Qf2 Qf4 30. Qe3 b6 31. Nd3 Qxe3+ 32. Rxe3 Nxe6 33. Rxe6
Rxe6 34. fxe6 Rxe6 35. Kf2 Kf7 36. Re1 Rxe1 37. Kxe1 Ke6 38. b4 Nc4 39. Ne2 a5
40. Nd4+ Kd7 41. Nf5 axb4 42. Nxb4 Ne5 43. Ke2 h5 44. Nd3 Ng6 45. Ke3 c5 46.
Ng7 h4 47. f4 gxf4+ 48. Nxf4 Ne7 49. Ng2 Ng6 50. Nf5 h3 51. Nf4 Ne5 52. Nxd5
Ng4+ 53. Ke4 Nxh2 54. Nf4 Kc6 55. Nxh3 Kb5 56. Nf4 Kb4 57. Nd5+ 1/2-1/2

[Event "Carnaval"]
[Site "Quebec CAN"]
[Date "2002.02.08"]
[Round "1"]
[White "Pescarus, Radu"]
[Black "Soudre, Nicolas"]
[Result "0-1"]
[WhiteElo "2028"]
[BlackElo "2193"]
[PlyCount "54"]
[EventDate "2002.02.08"]
[EventType "swiss"]
[EventRounds "5"]
[EventCountry "CAN"]

1. e4 Nc6 2. d4 e5 3. d5 Nce7 4. Nf3 Ng6 5. Bd3 Nf6 6. c4 Bc5 7. O-O d6 8. Nc3
a5 9. Rb1 Bg4 10. a3 Qd7 11. b4 Bb6 12. c5 dxc5 13. bxc5 Bxc5 14. Rxb7 O-O 15.
h3 Bh5 16. Be2 Bxf3 17. Bxf3 Rab8 18. Rb3 Nh4 19. Nb1 Nxf3+ 20. Rxf3 Rxb1 21.
Qd3 Qb5 22. Qc2 Ne8 23. a4 Qb6 24. Rc3 Bd6 25. Rc6 Qb3 26. Qe2 Qxa4 27. Qg4 Nf6
0-1

[Event "Carnaval"]
[Site "Quebec CAN"]
[Date "2002.02.08"]
[Round "1"]
[White "Pilote, Guillaume"]
[Black "Lawson, Eric"]
[Result "0-1"]
[WhiteElo "1883"]
[BlackElo "2133"]
[PlyCount "56"]
[EventDate "2002.02.08"]
[EventType "swiss"]
[EventRounds "5"]
[EventCountry "CAN"]

1. e4 c5 2. Nf3 Nc6 3. d4 cxd4 4. Nxd4 e5 5. Nb5 d6 6. c4 Be7 7. N1c3 a6 8. Na3
f5 9. Bd3 f4 10. Nc2 Nf6 11. b3 O-O 12. Be2 Be6 13. Ba3 b5 14. cxb5 axb5 15.
Nxb5 Nxe4 16. Bf3 Qa5+ 17. b4 Qxb5 18. Bxe4 Rxa3 19. Qh5 Rb8 20. Qxh7+ Kf8 21.
Nxa3 Qxb4+ 22. Kf1 Qxa3 23. g3 f3 24. Qh8+ Bg8 25. Qh5 Nd4 26. h4 Qc3 27. Rd1
Qc4+ 28. Bd3 Qxd3+ 0-1

[Event "Carnaval"]
[Site "Quebec CAN"]
[Date "2002.02.08"]
[Round "1"]
[White "Sauvageau, Marcel"]
[Black "Saint Amand, Paul"]
[Result "0-1"]
[WhiteElo "1884"]
[BlackElo "2154"]
[PlyCount "103"]
[EventDate "2002.02.08"]
[EventType "swiss"]
[EventRounds "5"]
[EventCountry "CAN"]

1. d4 Nf6 2. Nf3 e6 3. Nbd2 c5 4. e3 b6 5. Bd3 Bb7 6. O-O Be7 7. Re1 O-O 8. c3
d6 9. e4 cxd4 10. Nxd4 Nbd7 11. Bc2 Qc7 12. Nf1 Rfd8 13. Ng3 Rac8 14. Bg5 a6
15. Rc1 b5 16. a4 bxa4 17. Bxa4 Qa5 18. h4 h6 19. Be3 Ne5 20. b4 Qc7 21. f3 Nc4
22. Bf2 Nb2 23. Qc2 Nxa4 24. Qxa4 d5 25. exd5 Nxd5 26. Nge2 Qc4 27. Qa5 Bd6 28.
b5 Bc7 29. Qa1 axb5 30. Qa7 Ba8 31. Qa6 Nf4 32. Nxf4 Bxf4 33. Rcd1 Qxc3 34.
Nxb5 Qc4 35. Rxd8+ Rxd8 36. Qa5 Qd5 37. Qa4 Be5 38. Na3 Bc6 39. Qc2 Bb7 40. Rb1
Ba6 41. Re1 Bd4 42. Bxd4 Qxd4+ 43. Qf2 Qc3 44. Nb1 Qb4 45. Rc1 Rd4 46. g3 Bb7
47. Qe1 Qxe1+ 48. Rxe1 Bxf3 49. Kf2 Bd5 50. Nc3 Bc6 51. Ke3 e5 52. Rc1 0-1

[Event "Carnaval"]
[Site "Quebec CAN"]
[Date "2002.02.08"]
[Round "1"]
[White "Tremblay, Sylvain"]
[Black "Marcone, Malcom"]
[Result "1-0"]
[WhiteElo "2211"]
[BlackElo "1967"]
[PlyCount "67"]
[EventDate "2002.02.08"]
[EventType "swiss"]
[EventRounds "5"]
[EventCountry "CAN"]

1. e4 e6 2. d4 d5 3. Nc3 Bb4 4. e5 Ne7 5. a3 Bxc3+ 6. bxc3 c5 7. Nf3 Qa5 8. Qd2
b6 9. a4 Ba6 10. Bd3 Nd7 11. O-O cxd4 12. Bxa6 Qxa6 13. cxd4 O-O 14. Ba3 Rfe8
15. h4 Qc4 16. c3 Nc6 17. h5 h6 18. Qb2 Qxa4 19. Nd2 Na5 20. f4 f5 21. exf6
Nxf6 22. Be7 Qd7 23. Bxf6 gxf6 24. Rf3 Qf7 25. Rg3+ Kh8 26. Rg6 Kh7 27. Qc2 f5
28. Re1 Re7 29. Nf3 Nc6 30. Nh4 b5 31. g4 Rg8 32. Kh1 Rg7 33. Rg1 Rc7 34. gxf5
1-0

[Event "Carnaval"]
[Site "Quebec CAN"]
[Date "2002.02.08"]
[Round "1"]
[White "Warren, Alexandre"]
[Black "Dussault, Jean-Charles"]
[Result "0-1"]
[WhiteElo "1458"]
[BlackElo "1405"]
[PlyCount "82"]
[EventDate "2002.02.08"]
[EventType "swiss"]
[EventRounds "5"]
[EventCountry "CAN"]

1. d4 Nf6 2. Nf3 c5 3. e3 Nc6 4. c3 e6 5. Bd3 d5 6. Nbd2 Be7 7. O-O O-O 8. dxc5
Bxc5 9. e4 Qc7 10. Qe2 e5 11. exd5 Nxd5 12. Bxh7+ Kh8 13. Ne4 Be7 14. Nfg5 g6
15. Rd1 Nf6 16. Nxf6 Bxf6 17. Qe4 Bxg5 18. Bxg5 f5 19. Qd5 Kxh7 20. Rd3 f4 21.
Re1 Bf5 22. Rf3 Rae8 23. Qc5 b6 24. Qc4 Be6 25. Qd3 Bf5 26. Rh3+ Bxh3 27. Qxh3+
Kg8 28. Qd3 Rf5 29. Qd5+ Kh7 30. Qf3 Rxg5 31. h4 Rf5 32. Rd1 e4 33. Qg4 Ne5 34.
Qe2 Qc6 35. Rd4 Nf7 36. Qg4 e3 37. fxe3 fxe3 38. Qe2 Rf2 39. Qg4 e2 40. Rd7
e1=Q+ 41. Kh2 Rxg2+ 0-1

[Event "Carnaval"]
[Site "Quebec CAN"]
[Date "2002.02.09"]
[Round "2"]
[White "Beaulieu, Sylvain"]
[Black "Bourassa, Andre"]
[Result "0-1"]
[WhiteElo "1670"]
[BlackElo "1562"]
[PlyCount "64"]
[EventDate "2002.02.08"]
[EventType "swiss"]
[EventRounds "5"]
[EventCountry "CAN"]

1. b3 d5 2. Bb2 Nf6 3. Nf3 c6 4. g3 Bf5 5. Nd4 Bg6 6. f4 e6 7. d3 c5 8. Nf3 Nc6
9. Nbd2 Ng4 10. h3 Ne3 11. Qc1 Nb4 12. Rb1 Nxa2 13. g4 Nxc1 14. Rxc1 f6 15. Kf2
Nxf1 16. Rhxf1 Bd6 17. e3 Qc7 18. Rg1 e5 19. f5 Bf7 20. Ke2 h6 21. Nh4 O-O-O
22. Ra1 a6 23. c3 Rhe8 24. e4 dxe4 25. Nxe4 Bxb3 26. Nxd6+ Rxd6 27. c4 e4 28.
dxe4 Bxc4+ 29. Ke3 Rd3+ 30. Ke2 Qf4 31. Bc1 Rxe4+ 32. Be3 Rexe3# 0-1

[Event "Carnaval"]
[Site "Quebec CAN"]
[Date "2002.02.09"]
[Round "2"]
[White "Bolduc, Steve"]
[Black "Charbonneau, Anne-Marie"]
[Result "1-0"]
[WhiteElo "2154"]
[BlackElo "1944"]
[PlyCount "43"]
[EventDate "2002.02.08"]
[EventType "swiss"]
[EventRounds "5"]
[EventCountry "CAN"]

1. d4 Nf6 2. c4 e6 3. Nc3 d5 4. cxd5 exd5 5. Bg5 Be7 6. Qc2 c6 7. e3 Nbd7 8.
Bd3 O-O 9. Nge2 Re8 10. O-O Nf8 11. Rae1 h6 12. Bh4 Ne6 13. f3 Nh5 14. Bf2 Bh4
15. g3 Ng5 16. gxh4 Nxf3+ 17. Kg2 Nxh4+ 18. Bxh4 Qxh4 19. Ng1 Qg5+ 20. Kh1 Rxe3
21. Qf2 Re7 22. Qxf7+ 1-0

[Event "Carnaval"]
[Site "Quebec CAN"]
[Date "2002.02.09"]
[Round "2"]
[White "Drolet, Stephane"]
[Black "Pilote, Guillaume"]
[Result "1-0"]
[WhiteElo "2037"]
[BlackElo "1883"]
[PlyCount "71"]
[EventDate "2002.02.08"]
[EventType "swiss"]
[EventRounds "5"]
[EventCountry "CAN"]

1. Nf3 g6 2. d4 Nf6 3. c4 Bg7 4. Nc3 O-O 5. Bg5 h6 6. Bh4 d6 7. e3 Nbd7 8. Be2
c6 9. O-O e5 10. b4 g5 11. Bg3 Nh5 12. Ne1 Nxg3 13. hxg3 f5 14. b5 g4 15. bxc6
bxc6 16. d5 c5 17. e4 Nf6 18. exf5 Bxf5 19. Nc2 h5 20. Ne3 Bg6 21. Qa4 e4 22.
Rab1 Ne8 23. Qc2 Qe7 24. Rb3 Bd4 25. Ncd1 Ng7 26. Qb1 Qg5 27. Rb7 h4 28. gxh4
Qxh4 29. Bxg4 Bh5 30. Rxg7+ Bxg7 31. Bf5 Rab8 32. g3 Qg5 33. Be6+ Kh8 34. Qxe4
Bf6 35. Kg2 Kg7 36. Nf5+ 1-0

[Event "Carnaval"]
[Site "Quebec CAN"]
[Date "2002.02.09"]
[Round "2"]
[White "Dussault, Jean-Charles"]
[Black "Arteau, Benoit"]
[Result "0-1"]
[WhiteElo "1405"]
[BlackElo "1694"]
[PlyCount "64"]
[EventDate "2002.02.08"]
[EventType "swiss"]
[EventRounds "5"]
[EventCountry "CAN"]

1. e4 Nf6 2. e5 Nd5 3. Bc4 Nb6 4. Bb3 c5 5. c3 Nc6 6. d4 e6 7. Ne2 Be7 8. O-O
O-O 9. Ng3 cxd4 10. cxd4 d6 11. f4 dxe5 12. dxe5 Bc5+ 13. Kh1 Qc7 14. Nc3 Nd4
15. Nge4 Nxb3 16. Qxb3 Bd7 17. Nxc5 Qxc5 18. Ne4 Qd4 19. Qf3 Bc6 20. Re1 Rad8
21. h3 Na4 22. Qe2 Rd7 23. Nd6 Rfd8 24. Be3 Qb4 25. a3 Qb3 26. Rab1 a6 27. Rec1
Bb5 28. Nxb5 axb5 29. Bg1 Rd2 30. Qf3 R8d3 31. Qxb7 h6 32. Rc7 Rxh3+ 0-1